000 00440nam a2200193Ia 4500
005 20250425161614.0
008 250425s9999 xx 000 0 und d
020 _a0124759130
041 _aeng
082 _a535.84
100 _aWILLIAMS, DUDLEY
245 0 _aSPECTROSCOPY (PART A)
250 _aS.E.
260 _aEstados Unidos
_bACADEMIA PRESS
_c1976
260 _aNEW YORK
300 _a366
942 _c01
010 _a24115
999 _c212458
_d212458